|
|
|
|
| LEADER |
00858nam a22002297a 4500 |
| 001 |
40038 |
| 003 |
BD-DhAAL |
| 008 |
221114t2002 mau||||| d||| 00| 0 eng d |
| 999 |
|
|
|c 45035
|d 45035
|
| 020 |
|
|
|a 1929049951 (paperback)
|
| 020 |
|
|
|a 1929049870 (hardcover)
|
| 040 |
|
|
|a BD-DhAAL
|c BD-DhAAL
|
| 082 |
|
|
|a 031.05
|
| 245 |
|
|
|a Time almanac 2003 with Information please /
|c edited by Borgna Brunner.
|
| 300 |
|
|
|a 1039 pages ;
|c 21 cm.
|
| 500 |
|
|
|a Includes index.
|
| 541 |
|
|
|a Donated By Akbar Ali Khan
|e 40038
|
| 650 |
|
|
|a Almanacs, American.
|9 52328
|
| 700 |
|
|
|a Brunner, Borgna.
|9 52329
|
| 852 |
|
|
|a Ayesha Abed Library
|c Akbar Ali Khan Collection
|
| 942 |
|
|
|2 ddc
|c BK
|
| 952 |
|
|
|0 0
|1 0
|2 ddc
|4 0
|6 031_050000000000000_TIM
|7 1
|9 72336
|a BRACUL
|b BRACUL
|c AAKC
|d 2022-11-14
|e Donated by Akbar Ali Khan
|g 1119.34
|l 0
|o 031.05 TIM
|p 3010040038
|r 2022-11-14
|t 1
|w 2022-11-14
|y BK
|x $10.99
|